| 000 | 01354nam a2200277Ia 4500 | ||
|---|---|---|---|
| 999 |
_c34479 _d34479 |
||
| 001 | 228 | ||
| 003 | GE_BSU | ||
| 005 | 20200130102800.0 | ||
| 008 | 181216s2006||||ge |||||||||||||| ||geo|| | ||
| 020 | _a999400449 | ||
| 040 | _cGE_BSU | ||
| 041 | _ageo | ||
| 080 | _a72.01.316 ა-92 | ||
| 100 |
_aაფციაური, ვაჟა, _cარქიტექტორი, _d1937− _96509 |
||
| 245 | _aსოციალურ-ეკოლოგიური არქიტექტურა = Social-ecological architecture. | ||
| 264 |
_aთბილისი, _c2006. |
||
| 300 |
_a183 გვ.: _bილ.; _c22 სმ. |
||
| 504 | _aბიბლიოგრ. ტექსტ. შენიშვნ. | ||
| 541 | _h20 ლ. | ||
| 653 | _aარქიტექტურა | ||
| 653 | _aსაცხოვრებელი შენობების არქიტექტურა საქართველოში | ||
| 653 | _aქალაქთმშენებლობა საქართველოში | ||
| 653 | _aლანდშაფტური არქიტექტურა საქართველოში | ||
| 653 | _aსაქართველოს ქალაქების და დასახლებული პუნქტების დაგეგმარება | ||
| 942 |
_cBK _2udc |
||